000 00674cam a22002293a 4500
001 28531
003 PGUSA
005 20140828083621.0
008 090407s2009||||xxu|||||s|||||000 1 eng d
040 _aPGUSA
_beng
042 _adc
050 4 _aPZ
100 1 _aWarren, George A.
245 1 4 _aThe Banner Boy Scouts Snowbound :
_bA Tour on Skates and Iceboats
_h[electronic resource] /
_cGeorge A. Warren
260 _bProject Gutenberg,
_c2009
506 _aPublic domain in the USA.
516 _aElectronic text
653 _aBoy Scouts -- Juvenile fiction
830 0 _aProject Gutenberg
_v28531
856 4 0 _uhttp://www.gutenberg.org/ebooks/28531
942 _cEB
999 _c257786
_d257786